NC State Wolfpack Passing Leaders (Career) - Statistics

General Stats
  • This quiz has been taken 37 times
  • The average score is 6 of 10
Answer Stats
Passing Yards Career Player % Correct
1. 13,484 2000-2003 Philip Rivers
100%
4. 8,545 2008-2010 Russell Wilson
93%
6. 6,807 2019-2022 Devin Leary
87%
5. 7,411 2009-2012 Mike Glennon
87%
2. 10,501 2016-2018 Ryan Finley
87%
9. 5,268 2014-2015 Jacoby Brissett
77%
10. 4,602 1985-1986 Erik Kramer
23%
3. 9,461 1996-1999 Jamie Barnette
23%
7. 5,925 1991-1995 Terry Harvey
17%
8. 5,298 1987-1989 Shane Montgomery
13%
No matching quizzes found
Score Distribution
Percent of People with Each Score
Percentile by Number Answered
Your Score History
You have not taken this quiz